| 000 | 00548nam a2200205Ia 4500 | ||
|---|---|---|---|
| 005 | 20250508165054.0 | ||
| 008 | 008 250505s9999 xx 000 0 hin d | ||
| 037 | _aTextual | ||
| 040 |
_aFEDL _beng _cFEDL |
||
| 041 |
_ahin _2hin |
||
| 084 |
_a891.433, SHE _qFEDL |
||
| 100 |
_aSeshagiri Rao L S _9779845 |
||
| 245 | 0 | _aKannad laghu kathayen | |
| 260 |
_aNew Delhi, India _bSahitya Akademi _c1983 |
||
| 300 | _a223p. | ||
| 365 |
_aINR _b25 |
||
| 546 | _aMACESE | ||
| 942 |
_cTEXL _h891.433, SHE |
||
| 999 |
_c1392989 _d1392989 |
||